000 nam a22 7a 4500
999 _c10905
_d10905
008 180308b ||||| |||| 00| 0 eng d
100 _aMurthy,V.
_96715
245 _aThe Time Merchants
260 _aNew Delhi
_bLifi
_c2013